Statistics for General Knowledge Quiz #(leclerc is better than max verstappen) :)

Click here to take the quiz!

General Stats

  • This quiz has been taken 40 times
    (26 since last reset)
  • The average score is 6 of 15

Answer Stats

HintAnswer% Correct
Who Is better Charles Leclerc or Max VerstappenCharles Leclerc
83%
Who is better Charles Leclerc or Max VerstappenCharles Leclerc
83%
In what country was Diego Maradona born inArgentina
67%
Which f1 driver has the most podiums in history (this was made at the start of 2023) Hint it's not a current driverMichael Schumacher
67%
What country is sandwiched in between china and russiamongolia
54%
In Star Wars what is Luke Skywalker's nameLuke Skywalker
46%
Name a Baltic state that has more than 8 lettersLithuania
38%
In what year was Freddie Mercury born in1946
33%
What is the sum of all numbers from 1-1005050
25%
In what year was the 1st world cup1930
21%
What key car engine component begins with a ppiston
21%
What is the name of an Italian delicacy normally eaten around christmaspanettone/pandoro/panforte
17%
What measurement is used to measure earthquakesRichter scale
13%
When did the first Baltic war start (only the year)1912
8%
What is the largest species of tiger in the worldSiberian tiger
0%

Score Distribution

Percentile by Number Answered

Percent of People with Each Score

Your Score History

You have not taken this quiz since the last reset